Central Library OPAC University of Rajshahi

Chemistry / (Record no. 61653)

MARC details
000 -LEADER
fixed length control field 00740nam a2200265 a 4500
001 - CONTROL NUMBER
control field 61653
003 - CONTROL NUMBER IDENTIFIER
rucl marc code BD-RjUL
005 - DATE AND TIME OF LATEST TRANSACTION
control field 20211209081004.0
008 - FIXED-LENGTH DATA ELEMENTS--GENERAL INFORMATION
fixed length control field 170121s1976 nyuaf 001 0 eng d
020 ## - INTERNATIONAL STANDARD BOOK NUMBER
International Standard Book Number 0070573352
035 ## - SYSTEM CONTROL NUMBER
System control number (BD-RjUL)61777
040 ## - CATALOGING SOURCE
Original cataloging agency DLC
Transcribing agency DLC
Modifying agency BD-RjUL
Language of cataloging eng
041 ## - LANGUAGE CODE
Language code of text/sound track or separate title eng
082 ## - DEWEY DECIMAL CLASSIFICATION NUMBER
Classification number 540
Edition number 23
Author mark and year SIC 1976
100 1# - MAIN ENTRY--PERSONAL NAME
Personal name Sienko, Michell J.
9 (RLIN) 183649
245 10 - TITLE STATEMENT
Title Chemistry /
Statement of responsibility, etc. Michell J. Sienko, Robert A. Plane.
250 ## - EDITION STATEMENT
Edition statement 5th ed.
260 ## - PUBLICATION, DISTRIBUTION, ETC. (IMPRINT)
Place of publication, distribution, etc. New York :
Name of publisher, distributor, etc. McGraw-Hill,
Date of publication, distribution, etc. c1976.
300 ## - PHYSICAL DESCRIPTION
Pagination ix, 624 p., [2] leaves of plates :
Illustrations ill. ;
Size 24 cm.
500 ## - GENERAL NOTE
General note Includes index.
650 #0 - SUBJECT ADDED ENTRY--TOPICAL TERM
Topical term or geographic name as entry element Chemistry.
9 (RLIN) 171432
700 1# - ADDED ENTRY--PERSONAL NAME
Personal name Plane, Robert A.
942 ## - ADDED ENTRY ELEMENTS (KOHA)
Source of classification or shelving scheme Dewey Decimal Classification
Koha item type Books
Holdings
Lost status Source of classification or shelving scheme Damaged status Not for loan Collection code Permanent Location Current Location Shelving location Date acquired Total Checkouts Full call number Date last seen Copy number Koha item type Source of acquisition
  Dewey Decimal Classification   Not For Loan Non-fiction Central Library, University of Rajshahi Central Library, University of Rajshahi Reading Room 22/10/1990   540 SIC 1976 21/01/2017 C-1 Books  
  Dewey Decimal Classification     Non-fiction Central Library, University of Rajshahi Central Library, University of Rajshahi   24/07/1962   540 SIC 1976 30/10/2018 C-2 Books Asia Foundation